000 003260000a22001450004500
003 MACL
040 _aMACL
090 _c32162
_d32160
100 _aMaxwell, John C
245 _aYour Bridge to a Better Future
260 _bMagna Publishing Co Ltd
_c2002
350 _a175
650 _aGeneralities
942 _cBOOK
_k002/MAX
999 _c31835
_d31835